000 00302nam a2200121 a 4500
005 20141022142009.0
008 120229s19uu xx 00 eng d
050 _aCD
_bR88 2005
100 _aRutherford, Paula
245 _aLeading the learning /
_cPaula Rutherford.
260 _c2005.
942 _cAVM
999 _c276656
_d276656